000 00605cam a2200205u 4500
001 8948062
008 850305s1964 enk 000 0 eng
010 _a 67007896
040 _aDLC
_cCUZ
_dCUZ
_beng
_erda
050 0 0 _aKD4879.3
_bFOU
100 1 _aFoulkes, David Llewhelin.
245 1 0 _aIntroduction to administrative law/
_cDavid Llewhelin Foulkes
264 _aLondon :
_bButterworths,
_c1964.
300 _axv, 323 pages.
_c23 cm.
336 _atext
_btxt
337 _aunmediated
_bn
338 _2rdacarrier
650 0 _aAdministrative law
942 _cOS
999 _c44773
_d44773